| 000 | 00894nam a22003257a 4500 | ||
|---|---|---|---|
| 001 | 6248254 | ||
| 003 | LIBRIS | ||
| 005 | 20210426125110.0 | ||
| 008 | 011211s1992 xxu 000 0 eng c | ||
| 020 | _a0883632926 | ||
| 020 | _a0883633140 | ||
| 040 |
_aeng _beng _cDLC |
||
| 041 | _aeng | ||
| 080 |
_a7 _bN-91 |
||
| 082 | 0 | 4 |
_a704.94 _222 (machine generated) |
| 083 | 0 |
_a610.9 _222 (machine generated) |
|
| 084 |
_aIbvz Medicin _2kssb/6 |
||
| 084 |
_aV:k _2kssb/6 |
||
| 084 |
_aIbvz Medicin _2kssb/6 |
||
| 100 | 1 | _aNuland, Sherwin B. | |
| 245 | 0 | 0 |
_aMedicine : _bthe art of healing / _c/ by: Hugh Lauter Levin |
| 260 |
_aNew York : _bHugh Lauter Levin _ccop. 1992 |
||
| 300 |
_a115 p. _bill. |
||
| 365 | _b35 usd | ||
| 650 | 0 |
_9447 _aArt |
|
| 653 | _aხელოვნება | ||
| 942 |
_2udc _cBK |
||
| 999 |
_c1091 _d1091 |
||